Guitarra y violín /
I tiakina i:
| Kaituhi matua: | |
|---|---|
| Ētahi atu kaituhi: | , , , , , , , , |
| Hōputu: | Ororongo |
| I whakaputaina: |
Guadalajara, México :
Gobierno del Estado de Jalisco, Secretaría de Cultura,
copyright si fecha
|
| Ngā marau: | |
| Ngā Tūtohu: |
Kāore He Tūtohu, Me noho koe te mea tuatahi ki te tūtohu i tēnei pūkete!
|
MARC
| LEADER | 00000njm^a2200000^a^4500 | ||
|---|---|---|---|
| 001 | 000439958 | ||
| 005 | 20251020000000.0 | ||
| 009 | 20260310123324.597 | ||
| 037 | |a Acervo ITESO - Biblioteca | ||
| 041 | |a SON | ||
| 082 | |a 789. 1 |b MAC | ||
| 100 | |a Macías Mora, Ramón |e (ejecución musical) | ||
| 240 | 1 | 1 | |a [Sonata en Re menor, de Johan Cristoph Pepusch] |
| 240 | 1 | 1 | |a [Sonata en La menor, de Jean Baptiste Loeillet] |
| 240 | 1 | 1 | |a [Sonata en Re mayor, de Cristian Gottlieb] |
| 240 | 1 | 1 | |a [Sonata en Re mayor concertante, de Niccolò Paganini] |
| 240 | 1 | 1 | |a [Romanze, de Fernando Sor] |
| 240 | 1 | 1 | |a [Pavana, de Gabriel Fauré] |
| 240 | 1 | 1 | |a [Sonata Balata número 3 para violín solo, de Eugene Isaye] |
| 245 | 1 | 0 | |a Guitarra y violín / |c Guitarra R. Macías Mora ; violín K. Ziumbilov ; música de J.C. Pepusch... [et al]. |
| 264 | 4 | |a Guadalajara, México : |b Gobierno del Estado de Jalisco, Secretaría de Cultura, |c copyright si fecha | |
| 300 | |a 1 disco compacto sonoro (sin dato de duracin) + |e 1 folleto [10 p.] | ||
| 336 | |a música interpretada |b prm |2 rdacontenido | ||
| 337 | |a audio |b s |2 rdamedio | ||
| 338 | |a disco sonoro |b sd |2 rdasoporte | ||
| 546 | |a Edición bilingüe español-inglés (folleto) | ||
| 649 | |a XX | ||
| 650 | |a Músicos Mexicanos | ||
| 650 | |a Músicos Rusos | ||
| 650 | |a Artistas Mexicanos | ||
| 650 | |a Artistas Rusos | ||
| 650 | |a Guitarra - |z México | ||
| 650 | |a Violín - |z Rusia | ||
| 650 | |a Guitarra - |x Tema Principal | ||
| 650 | |a Violín - |x Tema Principal | ||
| 650 | |a Instrumentos de Cuerda - |z México | ||
| 650 | |a Instrumentos de Cuerda - |z Rusia | ||
| 650 | |a Instrumentos Musicales - |z México | ||
| 650 | |a Instrumentos Musicales - |z Rusia | ||
| 650 | |a Dueto (Música) | ||
| 650 | |a Pavana |z Francia | ||
| 650 | |a Romance (Música) - |z España | ||
| 650 | |a Rondó - |z Italia | ||
| 650 | |a Sonata - |z Alemania | ||
| 650 | |a Sonata - |z Bélgica | ||
| 650 | |a Sonata - |z Italia | ||
| 650 | |a Música de Cámara - |z Alemania | ||
| 650 | |a Música de Cámara - |z Bélgica | ||
| 650 | |a Música de Cámara - |z Italia | ||
| 650 | |a Música de Cámara - |z España | ||
| 650 | |a Música de Cámara - |z Francia | ||
| 650 | |a Música de Concierto - |z Alemania | ||
| 650 | |a Música de Concierto - |z Bélgica | ||
| 650 | |a Música de Concierto - |z Italia | ||
| 650 | |a Música de Concierto - |z España | ||
| 650 | |a Música de Concierto - |z Francia | ||
| 650 | |a Música Alemana - |x Intérpretes Mexicanos | ||
| 650 | |a Música Alemana - |x Intérpretes Rusos | ||
| 650 | |a Música Belga - |x Intérpretes Mexicanos | ||
| 650 | |a Música Belga - |x Intérpretes Rusos | ||
| 650 | |a Música Italiana - |x Intérpretes Mexicanos | ||
| 650 | |a Música Italiana - |x Intérpretes Rusos | ||
| 650 | |a Música Española - |x Intérpretes Mexicanos | ||
| 650 | |a Música Española - |x Intérpretes Rusos | ||
| 650 | |a Música Francesa - |x Intérpretes Mexicanos | ||
| 650 | |a Música Francesa - |x Intérpretes Rusos | ||
| 650 | |a Música Alemana - |y Siglo XVIII | ||
| 650 | |a Música Belga - |y Siglo XVIII | ||
| 650 | |a Música Belga - |y Siglo XX | ||
| 650 | |a Música Italiana - |y Siglo XIX | ||
| 650 | |a Música Española - |y Siglo XIX | ||
| 650 | |a Música Francesa - |y Siglo XIX | ||
| 650 | |a Macías Mora, Ramón | ||
| 650 | |a Ziumbilov, Konstantin | ||
| 700 | |a Ziumbilov, Konstantin |e (ejecución musical) | ||
| 700 | |a Pepusch, Johan Cristoph |e (música) | ||
| 700 | |a Loeillet, Jean Baptiste |e (música) | ||
| 700 | |a Scheidler, Christian Gottlieb |e (música) | ||
| 700 | |a Paganini, Niccolò |e (música) | ||
| 700 | |a Sor, Fernando |e (música) | ||
| 700 | |a Giuliani, Mauro |e (música) | ||
| 700 | |a Fauré, Gabriel |e (música) | ||
| 700 | |a Ysaÿe, Eugène |e (música) | ||
| 740 | 0 | |a Sonata en Re menor [de Johan Cristoph Pepusch] / |c Música de J.C. Pepusch ; guitarra R. Macías Mora ; violín K. Ziumbilov ; versión de Karl Sheit. | |
| 740 | 0 | |a Sonata en La menor [de Jean Baptiste Loeillet] / |c Música de J.B. Loeillet ; guitarra R. Macías Mora ; violín K. Ziumbilov ; versión de Karl Sheit. | |
| 740 | 0 | |a Sonata en Re mayor [de Cristian Gottlieb] / |c Música de C. Gottlieb ; guitarra R. Macías Mora ; violín K. Ziumbilov ; versión de Karl Sheit. | |
| 740 | 0 | |a Sonata en Re mayor concertante [de Niccolò Paganini] / |c Música de N. Paganiani ; guitarra R. Macías Mora ; violín K. Ziumbilov ; versión de Erwin Scwarrz-Reiflingen. | |
| 740 | 0 | |a Romanze [de Fernando Sor] / |c Música de F. Sor ; guitarra R. Macías Mora ; violín K. Ziumbilov ; versión de Karl Schelt. | |
| 740 | 0 | |a Rondolletto [de Mauro Giuliani] / |c Música de M. Giuliani ; guitarra R. Macías Mora ; violín K. Ziumbilov ; revisión de Bárbara Polásek. | |
| 740 | 0 | |a Pavana [de Gabriel Fauré] / |c Música de G. Fauré ; guitarra R. Macías Mora ; adaptación de Michael Carp. | |
| 740 | 0 | |a Sonata Balata número 3 para violín solo [de Eugene Isaye] / |c Música de E. Ysaÿe ; violín K. Ziumbilov. | |
| 910 | |a Fondo General | ||
| 920 | |a Sonoros - CDs | ||
| 940 | |a CDs de Música | ||
| 905 | |a 401 | ||
| 901 | |a 0500364987 |b IT2 |c CDM |i C95031 |u 20250521 | ||
| 901 | |a 0500364986 |b IT2 |c MIM |i C95031 |u 20251020 | ||
| 902 | |a https://opac.biblio.iteso.mx/vufind/Record/000439958 | ||